000 01207pam a22003614a 4500
001 15061746
003 OSt
005 20150706121859.0
008 071029s2007 enk b 001 0 eng
010 _a 2007534286
015 _aGBA656041
_2bnb
016 7 _a013495106
_2Uk
020 _a9781405712989 (hbk.)
020 _a0406025983
035 _a(OCoLC)ocm70173671
040 _aUk
_cUk
_dNhCcYBP
_dDLC
042 _aukblsr
_alccopycat
043 _ae-uk-en
050 0 0 _aKD1715
_b.P3 2007
082 0 4 _a346.082 PAG
_222
245 0 0 _aPaget's law of banking /
_cGeneral editor, Mark Hapgood ;with contributions from, Neil Levy... [et al]
246 3 _aLaw of banking
250 _a11th ed. _
260 _aLondon :
_bLexisNexis Butterworths,
_cc1996.
300 _aciii, 709p. ;
_c26 cm.
504 _aIncludes bibliographical references and index.
650 0 _aBanking law
_zEngland.
_91604
700 1 _aHapgood, Mark.
_91605
700 1 _aPaget, John R.
_q(John Rahere),
_cSir,
_d1848-1938.
_tLaw of banking.
_91606
906 _a7
_bcbc
_ccopycat
_d2
_encip
_f20
_gy-gencatlg
942 _2ddc
_cBK
999 _c551
_d551